000 00551nam a22001817a 4500
999 _c189400
_d189400
005 20220628150408.0
010 _aENG-133355
020 _a9789351658467
_c150.00
035 _aEN-116887
037 _bDBAD/PUB
082 _a158
100 _aSinha Surya
245 _aThe Magic of positive Thoughts/
_cSurya Sinha
260 _aNew Delhi
_bDiamound Pocket Books
_c2015
270 _aX-30, Okhla Industrial Area Phase
_bNew Delhi
_e110020
_k01140712100
_msales@dpb.in
300 _a148p.
_c21cm(pbk)
942 _2ddc
_cEN
_mSUR
_h158